00353nam a2200121Ia 4500008004100000082001700041100002400058245006600082260003100148300000800179650001700187700002700204191201s2011 xx 000 0 und d a330.954bCHR aCHAKRABARTY, Bidyut 0aReconceptualizing Indian Democracy : The Changing Electorate aNew DelhibSAGE Pub.c2020 a263 aBA Economics aPANDEY, Rajendra Kumar